000
00304nam a2200121Ia 4500
005
20251222144641.0
008
251222s9999||||xx |||||||||||||| ||spa||
082
_a
519.5/G2
100
_a
Garayar Pacheco, Gregorio
245
0
_a
Lecciones de Matemáticas Financieras
264
_b
JurÃdica
942
_c
LIB
999
_c
16700
_d
16700